00470nam a2200181Ia 450000500170000000800410001702000180005804000190007604100120009508200140010710000190012124500360014025000250017626000400020130000180024165000180025985000110027720240323145338.0131103s9999 xx 000 0 und d a81 7108 301 3 aLoreto College aEnglish a170 bKOI aKolkara, Felix aLive Your ValuescFelix Kolkara a student's workbook  aMumbaibBetter Yourself Booksc1999 a112p.b chart aMoral science aLCBED